000 00765nam a22002531 4500
001 23540
003 BD-RjUL
005 20211209000937.0
008 140311s1960 inua 001 0 eng
035 _a(BD-RjUL)23605
035 _a(OCoLC)1380429
040 _aDLC
_cFO
_dOCoLC
_dDLC
_dBD-RjUL
_beng
041 _aeng
082 _a825.912
_bYES 1960
100 1 _aYeats, W. B.
_q(William Butler),
_d1865-1939
_972452
245 1 4 _aThe Senate speeches of W.B. Yeats /
_cEdited by Donald R. Pearce.
260 _aBloomington :
_bIndiana University Press,
_cc1960.
300 _a183 p. :
_bill. ;
_c21 cm.
504 _aIncludes index.
651 0 _aIreland
_xPolitics and government
_y1922-
_972453
942 _2ddc
_cBK
999 _c23540
_d23540